000 00436nam a2200169 i 4500
001 bg
245 0 _aComputer Science /
_ced. by Alfonso F. Cardenas, Leona Presser i Miguel A. Marin.
260 _aNew York,
_c1972.
700 1 _aCardenas, Alfonso F.
700 1 _aPresser, Leon
700 1 _aMarin, Miguel A.
040 _cBPK
041 _apol
080 _a681.322
942 _cKS
008 s pl f |000 0 pol
999 _c15465
_d15465
856 _uhttp://koha.tu.koszalin.pl/cgi-bin/koha/opac-detail.pl?biblionumber=15465
_yKatalog online BPK